| 000 | 01063 a2200241 4500 | ||
|---|---|---|---|
| 005 | 20080910155114.0 | ||
| 008 | 080910t xxu||||| |||| 00| 0 hin d | ||
| 010 | _aHIN-79523 | ||
| 020 |
_a8181661419 _c100.00 |
||
| 035 | _aHN-51869 | ||
| 037 | _bD.B.Act / pub | ||
| 082 | _a821 | ||
| 100 | _aमेश्राम, राम | ||
| 245 |
_aशोलों के फूल _cराम मेश्राम |
||
| 246 |
_aSholon ke phool _bby Ram Meshram |
||
| 260 |
_aदिल्ली _bमेधा बुक्स _c2006 |
||
| 270 |
_aएक्स-11,नवीन शाहदरा _bदिल्ली _e110032 _k22323672 _mmedhabooks@rediffmail.com |
||
| 300 |
_a88पृ _c22 सेमी (सजिल्द) |
||
| 650 | _aहिन्दी कविताएँ | ||
| 650 | _aHindi poems | ||
| 942 |
_adpl _cHN _k821 / मेश्राम _2ddc _h821 _mमेश्राम |
||
| 999 |
_c2913 _d2913 |
||